[Event "Split Open 2017"]
[Site "Split CRO"]
[Date "2017.08.26"]
[Round "8.12"]
[White "Sokac, Marko"]
[Black "Mihalic, Goran"]
[Result "0-1"]
[WhiteElo "2275"]
[BlackElo "2065"]
[PlyCount "66"]
[EventDate "2017.08.20"]
[EventType "swiss"]
[EventRounds "9"]
[EventCountry "CRO"]
[SourceTitle "Ajedrez en Madrid"]
[Source "lmi"]
[SourceDate "2017.08.20"]
[SourceVersion "1"]
[SourceVersionDate "2018.03.10"]
[SourceQuality "1"]

1. e4 c5 2. Nf3 e6 3. d4 cxd4 4. Nxd4 Nf6 5. Nc3 d6 6. g3 a6 7. Bg2 Be7 8. O-O
O-O 9. Re1 Qc7 10. Be3 Nc6 11. Nxc6 bxc6 12. Na4 Rb8 13. c4 e5 14. h3 Be6 15.
b3 Nd7 16. Rc1 f5 17. exf5 Bxf5 18. f4 Bg6 19. g4 exf4 20. Bxf4 Ne5 21. Bxe5
dxe5 22. Qe2 Bg5 23. Rcd1 Rbe8 24. c5 e4 25. Rd6 Bf4 26. Rxg6 hxg6 27. Qc4+ Kh8
28. Rxe4 Be3+ 29. Kh1 Qg3 30. Rxe8 Rxe8 31. Qf7 Rd8 32. Qf3 Qe1+ 33. Qf1 Rd1
0-1

[Event "Split Open 2017"]
[Site "Split CRO"]
[Date "2017.08.26"]
[Round "8.15"]
[White "Soric, Romeo"]
[Black "Muha, Miljenko"]
[Result "0-1"]
[WhiteElo "2110"]
[BlackElo "2252"]
[PlyCount "82"]
[EventDate "2017.08.20"]
[EventType "swiss"]
[EventRounds "9"]
[EventCountry "CRO"]
[SourceTitle "Ajedrez en Madrid"]
[Source "lmi"]
[SourceDate "2017.08.20"]
[SourceVersion "1"]
[SourceVersionDate "2018.03.10"]
[SourceQuality "1"]

1. Nf3 d5 2. c4 c6 3. b3 Bg4 4. Bb2 Bxf3 5. exf3 e6 6. d4 Nd7 7. f4 Qa5+ 8. Bc3
Bb4 9. Qd2 Bxc3 10. Qxc3 Qxc3+ 11. Nxc3 dxc4 12. bxc4 Ndf6 13. g3 O-O-O 14. Rd1
Ne7 15. Bh3 h6 16. O-O Rd7 17. Rd3 g6 18. Rfd1 Rhd8 19. c5 Ned5 20. Ne2 Nc7 21.
Bg2 Na6 22. Rc3 Nd5 23. Rb3 Ne7 24. Rdb1 Nf5 25. g4 Nxd4 26. Nxd4 Rxd4 27. Rxb7
Rd1+ 28. Bf1 Nxc5 29. Rb8+ Kc7 30. Rxd8 Rxd8 31. Rc1 Nd3 32. Rc4 Kb6 33. f5
gxf5 34. gxf5 Rg8+ 35. Bg2 Ne1 36. Rxc6+ Kb7 37. Rd6+ Nxg2 38. fxe6 fxe6 39.
Kf1 Nf4 40. Rd7+ Kb6 41. Rf7 Nd5 0-1

[Event "Split Open 2017"]
[Site "Split CRO"]
[Date "2017.08.26"]
[Round "8.16"]
[White "Kejzar, Petra"]
[Black "Srebrnic, Ana"]
[Result "1-0"]
[WhiteElo "1977"]
[BlackElo "2223"]
[PlyCount "91"]
[EventDate "2017.08.20"]
[EventType "swiss"]
[EventRounds "9"]
[EventCountry "CRO"]
[SourceTitle "Ajedrez en Madrid"]
[Source "lmi"]
[SourceDate "2017.08.20"]
[SourceVersion "1"]
[SourceVersionDate "2018.03.10"]
[SourceQuality "1"]

1. e4 d6 2. d4 Nf6 3. Nc3 e5 4. Nf3 Nbd7 5. Bc4 Be7 6. O-O c6 7. a4 h6 8. Re1
Qc7 9. Ba2 g5 10. Qd3 Nf8 11. Be3 Ne6 12. dxe5 dxe5 13. Qc4 O-O 14. Rad1 b6 15.
b4 a6 16. b5 axb5 17. axb5 c5 18. Nd5 Nxd5 19. exd5 Ng7 20. Bd2 Bd6 21. Bc3 f6
22. Bb3 Bf5 23. Ra1 Kh7 24. Kh1 Bg6 25. Ra6 Rae8 26. Rea1 e4 27. Nd2 Bxh2 28.
Ra7 Qf4 29. Nf1 Qxf2 30. Nxh2 e3 31. Qf1 Bf5 32. Be1 Qxf1+ 33. Nxf1 Bc8 34. Ng3
h5 35. Nxh5 Kg6 36. Nxg7 Re4 37. Ne6 Rh8+ 38. Kg1 c4 39. Rg7+ Kf5 40. Ba2 e2
41. c3 Kg4 42. Bb1 Re5 43. Ra4 Rxd5 44. Rxc4+ Kh5 45. g4+ Kh6 46. Rxc8 1-0

[Event "Split Open 2017"]
[Site "Split CRO"]
[Date "2017.08.26"]
[Round "8.20"]
[White "Porobija, Antonio"]
[Black "Zuttioni, Federico"]
[Result "1/2-1/2"]
[WhiteElo "1947"]
[BlackElo "2192"]
[PlyCount "61"]
[EventDate "2017.08.20"]
[EventType "swiss"]
[EventRounds "9"]
[EventCountry "CRO"]
[SourceTitle "Ajedrez en Madrid"]
[Source "lmi"]
[SourceDate "2017.08.20"]
[SourceVersion "1"]
[SourceVersionDate "2018.03.10"]
[SourceQuality "1"]

1. e4 e5 2. Nf3 Nc6 3. Bb5 a6 4. Ba4 Nf6 5. O-O Be7 6. Re1 b5 7. Bb3 d6 8. c3
O-O 9. h3 Nb8 10. d4 Nbd7 11. Nbd2 Bb7 12. Bc2 Re8 13. Nf1 Bf8 14. Ng3 g6 15.
Bg5 h6 16. Bd2 Bg7 17. a4 c6 18. Bb3 c5 19. d5 c4 20. Bc2 Nc5 21. Nh2 bxa4 22.
Bxa4 Nfd7 23. Bc2 a5 24. Ng4 Kh7 25. Qc1 h5 26. Nh2 Nb3 27. Bxb3 cxb3 28. Nf3
a4 29. Ng5+ Kg8 30. h4 Nc5 31. Qb1 1/2-1/2

[Event "Split Open 2017"]
[Site "Split CRO"]
[Date "2017.08.26"]
[Round "8.22"]
[White "Hercog, Nusa"]
[Black "Ostovic, Matija"]
[Result "0-1"]
[WhiteElo "2052"]
[BlackElo "2360"]
[PlyCount "48"]
[EventDate "2017.08.20"]
[EventType "swiss"]
[EventRounds "9"]
[EventCountry "CRO"]
[SourceTitle "Ajedrez en Madrid"]
[Source "lmi"]
[SourceDate "2017.08.20"]
[SourceVersion "1"]
[SourceVersionDate "2018.03.10"]
[SourceQuality "1"]

1. d4 Nf6 2. c4 g6 3. f3 d5 4. cxd5 Nxd5 5. e4 Nb6 6. Nc3 Bg7 7. Be3 O-O 8. Qd2
e5 9. d5 c6 10. h4 h5 11. O-O-O cxd5 12. exd5 Na6 13. Be2 Bd7 14. Bh6 Rc8 15.
Bxg7 Kxg7 16. Bxa6 bxa6 17. Kb1 Nc4 18. Qf2 Qa5 19. Nge2 Rb8 20. b3 Rfc8 21.
Ne4 Na3+ 22. Ka1 Nc2+ 23. Kb2 Rxb3+ 24. axb3 Qa3+ 0-1

[Event "Split Open 2017"]
[Site "Split CRO"]
[Date "2017.08.26"]
[Round "8.23"]
[White "Goeke, Bernd"]
[Black "Veres, Andrej"]
[Result "1/2-1/2"]
[WhiteElo "2021"]
[BlackElo "2255"]
[PlyCount "46"]
[EventDate "2017.08.20"]
[EventType "swiss"]
[EventRounds "9"]
[EventCountry "CRO"]
[SourceTitle "Ajedrez en Madrid"]
[Source "lmi"]
[SourceDate "2017.08.20"]
[SourceVersion "1"]
[SourceVersionDate "2018.03.10"]
[SourceQuality "1"]

1. Nf3 Nf6 2. c4 g6 3. Nc3 Bg7 4. e4 d6 5. d4 O-O 6. Be2 e5 7. O-O Nc6 8. d5
Ne7 9. b4 Nh5 10. Re1 f5 11. Ng5 Nf6 12. Bf3 c6 13. Ba3 h6 14. Ne6 Bxe6 15.
dxe6 fxe4 16. Nxe4 Nxe4 17. Bxe4 d5 18. cxd5 cxd5 19. b5 dxe4 20. Qxd8 Rfxd8
21. Bxe7 Re8 22. Bb4 Rxe6 23. Rac1 a6 1/2-1/2

[Event "Split Open 2017"]
[Site "Split CRO"]
[Date "2017.08.26"]
[Round "8.24"]
[White "Dzaja, Martin Zorislav"]
[Black "Marn, Jan"]
[Result "1/2-1/2"]
[WhiteElo "1985"]
[BlackElo "2146"]
[PlyCount "74"]
[EventDate "2017.08.20"]
[EventType "swiss"]
[EventRounds "9"]
[EventCountry "CRO"]
[SourceTitle "Ajedrez en Madrid"]
[Source "lmi"]
[SourceDate "2017.08.20"]
[SourceVersion "1"]
[SourceVersionDate "2018.03.10"]
[SourceQuality "1"]

1. e4 e5 2. Nf3 Nc6 3. Bc4 Bc5 4. O-O Nf6 5. d3 d6 6. Nc3 O-O 7. Bg5 h6 8. Bxf6
Qxf6 9. Nd5 Qd8 10. c3 Bg4 11. b4 Bb6 12. a4 a5 13. Nxb6 cxb6 14. b5 Ne7 15. h3
Bxf3 16. Qxf3 Kh8 17. d4 Qc7 18. Bb3 f5 19. exf5 Rxf5 20. Qd3 Raf8 21. Bc2 g6
22. Qd2 Rg5 23. f4 exf4 24. Rxf4 Rxf4 25. Qxf4 Ng8 26. h4 Qxc3 27. hxg5 Qxa1+
28. Kh2 hxg5 29. Qxg5 Qxd4 30. Qxg6 Qh4+ 31. Kg1 Nf6 32. Qf5 Qd4+ 33. Kf1 Kg7
34. Qc8 Ng4 35. Qxb7+ Kh6 36. Qh7+ Kg5 37. Qf5+ Kh4 1/2-1/2

[Event "Split Open 2017"]
[Site "Split CRO"]
[Date "2017.08.26"]
[Round "8.25"]
[White "Jerkovic, Maroje"]
[Black "Matosevic, Ivica"]
[Result "1-0"]
[WhiteElo "2109"]
[BlackElo "2070"]
[PlyCount "37"]
[EventDate "2017.08.20"]
[EventType "swiss"]
[EventRounds "9"]
[EventCountry "CRO"]
[SourceTitle "Ajedrez en Madrid"]
[Source "lmi"]
[SourceDate "2017.08.20"]
[SourceVersion "1"]
[SourceVersionDate "2018.03.10"]
[SourceQuality "1"]

1. e4 e5 2. f4 d5 3. exd5 exf4 4. Nf3 Nf6 5. Nc3 c6 6. dxc6 Nxc6 7. d4 Bb4 8.
Bxf4 O-O 9. Be2 Bg4 10. O-O Qa5 11. Ne5 Bxc3 12. Nxc6 bxc6 13. bxc3 Bxe2 14.
Qxe2 Qxc3 15. Rad1 Rfe8 16. Be5 Nd5 17. Rd3 Qc4 18. Rxf7 Nf6 19. Rxg7+ 1-0

[Event "Split Open 2017"]
[Site "Split CRO"]
[Date "2017.08.26"]
[Round "8.29"]
[White "Trajber, Daniel"]
[Black "Hund, Sarah"]
[Result "1/2-1/2"]
[WhiteElo "2072"]
[BlackElo "1984"]
[PlyCount "59"]
[EventDate "2017.08.20"]
[EventType "swiss"]
[EventRounds "9"]
[EventCountry "CRO"]
[SourceTitle "Ajedrez en Madrid"]
[Source "lmi"]
[SourceDate "2017.08.20"]
[SourceVersion "1"]
[SourceVersionDate "2018.03.10"]
[SourceQuality "1"]

1. e4 e5 2. Nf3 Nc6 3. Bb5 Nge7 4. O-O Ng6 5. d4 exd4 6. Nxd4 Bc5 7. Be3 Bb6 8.
c3 O-O 9. Be2 d5 10. exd5 Qxd5 11. Bf3 Qd7 12. Nxc6 Bxe3 13. fxe3 bxc6 14. Qd4
Qe6 15. Qc5 Ne5 16. Be2 Rd8 17. Na3 Rd5 18. Rad1 Nd7 19. Rxd5 cxd5 20. Qxc7
Qxe3+ 21. Rf2 Nf6 22. Qd8+ Qe8 23. Qxe8+ Nxe8 24. Bf3 Be6 25. c4 Rd8 26. cxd5
Bxd5 27. Rd2 Nc7 28. Nc4 Rd7 29. Ne3 Be6 30. Rxd7 1/2-1/2

[Event "Split Open 2017"]
[Site "Split CRO"]
[Date "2017.08.26"]
[Round "8.37"]
[White "Marziali, Giulio"]
[Black "Klaric, Ante"]
[Result "1-0"]
[WhiteElo "2024"]
[BlackElo "1826"]
[PlyCount "39"]
[EventDate "2017.08.20"]
[EventType "swiss"]
[EventRounds "9"]
[EventCountry "CRO"]
[SourceTitle "Ajedrez en Madrid"]
[Source "lmi"]
[SourceDate "2017.08.20"]
[SourceVersion "1"]
[SourceVersionDate "2018.03.10"]
[SourceQuality "1"]

1. e4 e6 2. d4 d5 3. Nc3 Bb4 4. e5 b6 5. Qg4 Bf8 6. Bg5 Ne7 7. Bxe7 Qxe7 8.
Nxd5 Qd7 9. Nc3 Nc6 10. Nf3 Bb7 11. O-O-O O-O-O 12. Bc4 Bb4 13. d5 h5 14. Qf4
exd5 15. Nxd5 Qg4 16. Qxf7 Rd7 17. Nxb6+ axb6 18. Rxd7 Nd8 19. Rxd8+ Kxd8 20.
Be6 1-0

[Event "Split Open 2017"]
[Site "Split CRO"]
[Date "2017.08.26"]
[Round "8.41"]
[White "Danko, Jiri"]
[Black "Tadinac, Sasa"]
[Result "1-0"]
[WhiteElo "1993"]
[BlackElo "1766"]
[PlyCount "86"]
[EventDate "2017.08.20"]
[EventType "swiss"]
[EventRounds "9"]
[EventCountry "CRO"]
[SourceTitle "Ajedrez en Madrid"]
[Source "lmi"]
[SourceDate "2017.08.20"]
[SourceVersion "1"]
[SourceVersionDate "2018.03.10"]
[SourceQuality "1"]

1. e4 Nc6 2. Nf3 f5 3. Nc3 d6 4. d4 fxe4 5. Nxe4 Bg4 6. Be3 Nf6 7. Nxf6+ exf6
8. Bb5 a6 9. Be2 d5 10. h3 Bh5 11. Qd2 Bd6 12. a3 O-O 13. g4 Bf7 14. h4 Qd7 15.
h5 Be6 16. O-O-O Bxg4 17. Rdg1 Kh8 18. Rxg4 Qxg4 19. Nh4 Qd7 20. Ng6+ Kg8 21.
Nxf8 Rxf8 22. Rg1 Rf7 23. c4 Bf8 24. Qc2 Ne7 25. Bd3 f5 26. c5 Kh8 27. Bf4 Ng8
28. Be5 Qe6 29. Qd2 Qh6 30. Rg5 Qe6 31. Qf4 Nh6 32. f3 Be7 33. Rg1 Bf6 34. Re1
Qe7 35. Qh2 Bxe5 36. Rxe5 Qd7 37. Qe2 g6 38. Re8+ Kg7 39. Qe5+ Rf6 40. Re7+
Qxe7 41. Qxe7+ Rf7 42. Qe5+ Kg8 43. Qxd5 g5 1-0

[Event "Split Open 2017"]
[Site "Split CRO"]
[Date "2017.08.26"]
[Round "8.45"]
[White "Krebs, Ralf"]
[Black "Vukovic, Igor"]
[Result "0-1"]
[WhiteElo "1965"]
[BlackElo "1713"]
[PlyCount "48"]
[EventDate "2017.08.20"]
[EventType "swiss"]
[EventRounds "9"]
[EventCountry "CRO"]
[SourceTitle "Ajedrez en Madrid"]
[Source "lmi"]
[SourceDate "2017.08.20"]
[SourceVersion "1"]
[SourceVersionDate "2018.03.10"]
[SourceQuality "1"]

1. e4 c5 2. d4 cxd4 3. c3 dxc3 4. Nxc3 Nc6 5. Nf3 e6 6. Bc4 a6 7. Qe2 b5 8. Bb3
Nge7 9. O-O Ng6 10. Be3 Na5 11. Rfd1 Be7 12. Rac1 Bb7 13. Nd4 Nxb3 14. Nxb3 Rc8
15. Qd2 b4 16. Na4 Rxc1 17. Rxc1 O-O 18. Nac5 Bc6 19. Qxb4 Ne5 20. Qd2 Ng4 21.
Rd1 Nxe3 22. Qxe3 Qb6 23. Qd4 Rb8 24. Nxe6 fxe6 0-1

[Event "Split Open 2017"]
[Site "Split CRO"]
[Date "2017.08.26"]
[Round "8.48"]
[White "Warnk, Torsten"]
[Black "Vucenovic, Damian"]
[Result "0-1"]
[WhiteElo "1902"]
[BlackElo "1675"]
[PlyCount "50"]
[EventDate "2017.08.20"]
[EventType "swiss"]
[EventRounds "9"]
[EventCountry "CRO"]
[SourceTitle "Ajedrez en Madrid"]
[Source "lmi"]
[SourceDate "2017.08.20"]
[SourceVersion "1"]
[SourceVersionDate "2018.03.10"]
[SourceQuality "1"]

1. d4 d5 2. Nf3 Nf6 3. Bf4 Bf5 4. e3 e6 5. Be2 c6 6. O-O Bd6 7. Bg5 Nbd7 8. c4
h6 9. Bh4 g5 10. Bg3 Bxg3 11. hxg3 Ne4 12. Nc3 h5 13. Nxe4 dxe4 14. Nd2 g4 15.
f3 gxf3 16. gxf3 Qg5 17. Kf2 h4 18. g4 h3 19. Nxe4 Bxe4 20. fxe4 Qh4+ 21. Kf3
Nf6 22. Kf4 Nh5+ 23. Ke5 Qg5+ 24. Rf5 exf5 25. gxf5 Qf6# 0-1

[Event "Split Open 2017"]
[Site "Split CRO"]
[Date "2017.08.26"]
[Round "8.57"]
[White "Maslov, Zeljko"]
[Black "Jankovic, Antonio"]
[Result "1-0"]
[WhiteElo "1978"]
[BlackElo "1562"]
[PlyCount "67"]
[EventDate "2017.08.20"]
[EventType "swiss"]
[EventRounds "9"]
[EventCountry "CRO"]
[SourceTitle "Ajedrez en Madrid"]
[Source "lmi"]
[SourceDate "2017.08.20"]
[SourceVersion "1"]
[SourceVersionDate "2018.03.10"]
[SourceQuality "1"]

1. d4 Nf6 2. Nf3 g6 3. c4 Bg7 4. g3 d5 5. cxd5 Nxd5 6. Bg2 c5 7. e4 Nc7 8. d5
O-O 9. Nc3 b5 10. O-O b4 11. Na4 c4 12. Bf4 Nb5 13. Qc2 Qa5 14. Rac1 Nd7 15. e5
h6 16. e6 Nf6 17. exf7+ Kh7 18. Nh4 Bf5 19. Nxf5 gxf5 20. Qxf5+ Kh8 21. Qg6
Qxa4 22. d6 Nxd6 23. Bxd6 exd6 24. Bxa8 Rxa8 25. Rxc4 Rf8 26. Rf4 Nh7 27. Rg4
Ng5 28. Rxg5 Rxf7 29. Qxf7 hxg5 30. Re1 Qc2 31. Re8+ Kh7 32. Qh5+ Bh6 33. Re7+
Kg8 34. Qe8+ 1-0

[Event "Split Open 2017"]
[Site "Split CRO"]
[Date "2017.08.26"]
[Round "8.62"]
[White "Jablanovic, Sasa"]
[Black "Vuljanic, Ana"]
[Result "1-0"]
[WhiteElo "1676"]
[BlackElo "1387"]
[PlyCount "47"]
[EventDate "2017.08.20"]
[EventType "swiss"]
[EventRounds "9"]
[EventCountry "CRO"]
[SourceTitle "Ajedrez en Madrid"]
[Source "lmi"]
[SourceDate "2017.08.20"]
[SourceVersion "1"]
[SourceVersionDate "2018.03.10"]
[SourceQuality "1"]

1. e4 Nf6 2. Nc3 e5 3. Nf3 Nc6 4. Bc4 Nxe4 5. Nxe4 d5 6. Bd3 dxe4 7. Bxe4 Bd6
8. O-O O-O 9. c3 Be6 10. b4 f5 11. Bc2 e4 12. Ne1 Bxh2+ 13. Kxh2 Qh4+ 14. Kg1
Ne5 15. f3 Rf6 16. d4 exd3 17. Nxd3 Nc4 18. Qe1 Qh5 19. Nf4 Qf7 20. b5 Re8 21.
Qf2 b6 22. Bb3 Qd7 23. Nxe6 Qxe6 24. Qd4 1-0

[Event "Split Open 2017"]
[Site "Split CRO"]
[Date "2017.08.26"]
[Round "8.64"]
[White "Cacic, Marija"]
[Black "Kos, Nikola"]
[Result "1-0"]
[WhiteElo "1642"]
[BlackElo "1213"]
[PlyCount "65"]
[EventDate "2017.08.20"]
[EventType "swiss"]
[EventRounds "9"]
[EventCountry "CRO"]
[SourceTitle "Ajedrez en Madrid"]
[Source "lmi"]
[SourceDate "2017.08.20"]
[SourceVersion "1"]
[SourceVersionDate "2018.03.10"]
[SourceQuality "1"]

1. d4 Nf6 2. c4 c5 3. d5 b5 4. cxb5 a6 5. Nc3 d6 6. e4 g6 7. bxa6 Bxa6 8. Bxa6
Nxa6 9. Nge2 Bg7 10. O-O O-O 11. a3 c4 12. Be3 Qd7 13. Qd2 Rfb8 14. Rab1 Qe8
15. Rfc1 Nd7 16. Bd4 Bxd4 17. Nxd4 Ne5 18. Nce2 Rc8 19. Rc3 Nd3 20. b4 Qa4 21.
Nc6 Rxc6 22. dxc6 Qxc6 23. Rxd3 cxd3 24. Qxd3 Qb6 25. h3 Rb8 26. Qd4 Qb7 27.
Nc3 Qd7 28. b5 Nc5 29. a4 Qa7 30. Nd5 Qa5 31. Nxe7+ Kf8 32. Nc6 Qc7 33. Qh8#
1-0

[Event "Split Open 2017"]
[Site "Split CRO"]
[Date "2017.08.27"]
[Round "9.3"]
[White "Srbis, Jurica"]
[Black "Piskur, Mitja"]
[Result "1/2-1/2"]
[WhiteElo "2417"]
[BlackElo "2308"]
[PlyCount "51"]
[EventDate "2017.08.20"]
[EventType "swiss"]
[EventRounds "9"]
[EventCountry "CRO"]
[SourceTitle "Ajedrez en Madrid"]
[Source "lmi"]
[SourceDate "2017.08.20"]
[SourceVersion "1"]
[SourceVersionDate "2018.03.10"]
[SourceQuality "1"]

1. e4 d5 2. exd5 Qxd5 3. Nc3 Qd8 4. d4 Nf6 5. Nf3 Bg4 6. h3 Bxf3 7. Qxf3 c6 8.
Be3 e6 9. Bd3 Nbd7 10. O-O-O Nb6 11. Ne2 Qd5 12. Qxd5 Nbxd5 13. Bd2 Nb4 14. Bc4
b5 15. Bb3 Ne4 16. Be1 Nd5 17. c4 bxc4 18. Bxc4 Be7 19. Bd3 Nd6 20. Kb1 a5 21.
Rc1 Kd7 22. a3 Rhb8 23. Bd2 Bf6 24. Ka2 Nb5 25. Be3 Rb6 26. Rc2 1/2-1/2

[Event "Split Open 2017"]
[Site "Split CRO"]
[Date "2017.08.27"]
[Round "9.4"]
[White "Zelic, Mladen"]
[Black "Yuksel, Atilla Koksal"]
[Result "1-0"]
[WhiteElo "2305"]
[BlackElo "2097"]
[PlyCount "39"]
[EventDate "2017.08.20"]
[EventType "swiss"]
[EventRounds "9"]
[EventCountry "CRO"]
[SourceTitle "Ajedrez en Madrid"]
[Source "lmi"]
[SourceDate "2017.08.20"]
[SourceVersion "1"]
[SourceVersionDate "2018.03.10"]
[SourceQuality "1"]

1. e4 c5 2. d4 cxd4 3. c3 dxc3 4. Nxc3 Nc6 5. Nf3 e6 6. Bc4 a6 7. O-O Nge7 8.
Bg5 f6 9. Be3 b5 10. Bb3 Ng6 11. Nd5 Rb8 12. Rc1 Kf7 13. Nd2 Bd6 14. f4 exd5
15. e5 Ncxe5 16. Ne4 Be7 17. fxe5 Nxe5 18. Qh5+ g6 19. Qxe5 Bb7 20. Nxf6 1-0

[Event "Split Open 2017"]
[Site "Split CRO"]
[Date "2017.08.27"]
[Round "9.7"]
[White "Makovec, Bruno"]
[Black "Plenkovic, Zdenko"]
[Result "0-1"]
[WhiteElo "2193"]
[BlackElo "2417"]
[PlyCount "66"]
[EventDate "2017.08.20"]
[EventType "swiss"]
[EventRounds "9"]
[EventCountry "CRO"]
[SourceTitle "Ajedrez en Madrid"]
[Source "lmi"]
[SourceDate "2017.08.20"]
[SourceVersion "1"]
[SourceVersionDate "2018.03.10"]
[SourceQuality "1"]

1. d4 g6 2. c4 Bg7 3. Nf3 d6 4. Nc3 Nd7 5. g3 e6 6. Bg2 Ne7 7. O-O O-O 8. b3 b6
9. Bb2 d5 10. cxd5 exd5 11. Rc1 Ba6 12. Qd2 Re8 13. Rfd1 c6 14. e4 dxe4 15.
Nxe4 Nf5 16. Ne5 Nb8 17. Qc2 Bb7 18. Qc4 Re6 19. Re1 Qe7 20. Rcd1 Na6 21. h4 h6
22. h5 Kh7 23. hxg6+ fxg6 24. f4 Nc7 25. Kh2 Rf8 26. Qc2 Nd5 27. Qd3 a5 28. a3
Rd8 29. Nc3 Nxf4 30. gxf4 Rxd4 31. Qh3 Rxf4 32. Nf3 Rxf3 33. Qxf3 Rxe1 0-1

[Event "Split Open 2017"]
[Site "Split CRO"]
[Date "2017.08.27"]
[Round "9.8"]
[White "Balen, Teo"]
[Black "Gjuran, Denis"]
[Result "0-1"]
[WhiteElo "1964"]
[BlackElo "2342"]
[PlyCount "72"]
[EventDate "2017.08.20"]
[EventType "swiss"]
[EventRounds "9"]
[EventCountry "CRO"]
[SourceTitle "Ajedrez en Madrid"]
[Source "lmi"]
[SourceDate "2017.08.20"]
[SourceVersion "1"]
[SourceVersionDate "2018.03.10"]
[SourceQuality "1"]

1. d4 d5 2. c4 c6 3. Nc3 Nf6 4. e3 e6 5. Nf3 Nbd7 6. Bd3 dxc4 7. Bxc4 b5 8. Bd3
b4 9. Na4 c5 10. dxc5 Nxc5 11. Nxc5 Bxc5 12. Bb5+ Ke7 13. Qe2 Qb6 14. O-O Bb7
15. Bd3 Rhd8 16. Rd1 Rd5 17. e4 Rxd3 18. Qxd3 Bxf2+ 19. Kh1 Ba6 20. Qd2 h6 21.
Ne5 Kf8 22. Nd7+ Nxd7 23. Qxd7 Bb5 24. Qd6+ Qxd6 25. Rxd6 Rc8 26. Bf4 Rc4 27.
Rc1 Rxe4 28. Rc8+ Ke7 29. Rc7+ Kf6 30. g3 Bb6 31. Rc2 Bc4 32. Kg2 Bxa2 33. Bc1
Bd5 34. Kf1 Ke7 35. Bf4 Rxf4+ 36. gxf4 Kxd6 0-1

[Event "Split Open 2017"]
[Site "Split CRO"]
[Date "2017.08.27"]
[Round "9.9"]
[White "Armanda, Ivica"]
[Black "Kejzar, Petra"]
[Result "0-1"]
[WhiteElo "2335"]
[BlackElo "1977"]
[PlyCount "53"]
[EventDate "2017.08.20"]
[EventType "swiss"]
[EventRounds "9"]
[EventCountry "CRO"]
[SourceTitle "Ajedrez en Madrid"]
[Source "lmi"]
[SourceDate "2017.08.20"]
[SourceVersion "1"]
[SourceVersionDate "2018.03.10"]
[SourceQuality "1"]

1. e4 c5 2. Nf3 e6 3. d4 cxd4 4. Nxd4 Nf6 5. Nc3 d6 6. Be2 a6 7. O-O Be7 8. f4
Qc7 9. Kh1 Nc6 10. Be3 O-O 11. Qe1 Nd7 12. Qg3 Bf6 13. Rad1 Nxd4 14. Bxd4 Bxd4
15. Rxd4 b5 16. Rfd1 Nc5 17. Rxd6 b4 18. f5 Kh8 19. f6 gxf6 20. Qh4 Kg7 21. e5
fxe5 22. Ne4 Nxe4 23. Qxe4 Ra7 24. Bd3 f5 25. Qxe5+ Kg8 26. Qe2 Qxd6 27. Bxf5
0-1

[Event "Split Open 2017"]
[Site "Split CRO"]
[Date "2017.08.27"]
[Round "9.12"]
[White "Bozinovic, Bogdan"]
[Black "Michalski, Filip"]
[Result "0-1"]
[WhiteElo "2210"]
[BlackElo "2070"]
[PlyCount "80"]
[EventDate "2017.08.20"]
[EventType "swiss"]
[EventRounds "9"]
[EventCountry "CRO"]
[SourceTitle "Ajedrez en Madrid"]
[Source "lmi"]
[SourceDate "2017.08.20"]
[SourceVersion "1"]
[SourceVersionDate "2018.03.10"]
[SourceQuality "1"]

1. d4 Nf6 2. c4 e6 3. Nc3 Bb4 4. f3 O-O 5. e4 d5 6. e5 Nfd7 7. cxd5 exd5 8. f4
c5 9. a3 Ba5 10. dxc5 Bxc3+ 11. bxc3 Nxc5 12. Nf3 Ne4 13. c4 Qa5+ 14. Nd2 Qc3
15. cxd5 Bg4 16. Be2 Bxe2 17. Kxe2 Qxa1 18. Nxe4 Nd7 19. Qd2 Qb1 20. Qd3 Qa2+
21. Kf3 Nb6 22. Rd1 Rfd8 23. d6 Rac8 24. Be3 Nd7 25. Qd5 Qxd5 26. Rxd5 Rc4 27.
f5 Re8 28. Bf4 b6 29. Ng5 h6 30. Ne4 Ra4 31. g4 Rxa3+ 32. Kf2 Ra4 33. Kf3 Ra3+
34. Kf2 Ra4 35. Kf3 Ra3+ 36. Kf2 Ra5 37. Nc3 Rxd5 38. Nxd5 Rxe5 39. Bxe5 Nxe5
40. Ke3 Nc4+ 0-1

[Event "Split Open 2017"]
[Site "Split CRO"]
[Date "2017.08.27"]
[Round "9.13"]
[White "Simoni, Giulio"]
[Black "Burdalev, Kirill"]
[Result "0-1"]
[WhiteElo "2100"]
[BlackElo "2368"]
[PlyCount "80"]
[EventDate "2017.08.20"]
[EventType "swiss"]
[EventRounds "9"]
[EventCountry "CRO"]
[SourceTitle "Ajedrez en Madrid"]
[Source "lmi"]
[SourceDate "2017.08.20"]
[SourceVersion "1"]
[SourceVersionDate "2018.03.10"]
[SourceQuality "1"]

1. e4 e6 2. d4 d5 3. Nd2 Nf6 4. e5 Nfd7 5. Bd3 c5 6. c3 Nc6 7. Ne2 cxd4 8. cxd4
f6 9. exf6 Nxf6 10. Nf3 Bd6 11. O-O Qc7 12. Ng3 O-O 13. Bd2 Bd7 14. Rc1 Rae8
15. Bc3 Qb8 16. Re1 b5 17. b3 Ba3 18. Rc2 Nb4 19. Bxb4 Bxb4 20. Ree2 Qb6 21.
Ne5 g6 22. Qa1 Re7 23. Bxg6 hxg6 24. Nxg6 Rg7 25. Nxf8 Kxf8 26. Re3 Rg4 27. Ne2
Qd6 28. f3 Rg6 29. g3 Ba5 30. Kf2 Bb6 31. Qc3 b4 32. Qd3 Rg5 33. Kg2 e5 34.
Rxe5 Rxe5 35. dxe5 Qxe5 36. Qd2 Kf7 37. Qxb4 Bh3+ 38. Kh1 Qe3 39. Qf4 Qf2 40.
Rc7+ Kg6 0-1

[Event "Split Open 2017"]
[Site "Split CRO"]
[Date "2017.08.27"]
[Round "9.19"]
[White "Berke, Ana"]
[Black "Dabic, Stjepan"]
[Result "1-0"]
[WhiteElo "2160"]
[BlackElo "1881"]
[PlyCount "91"]
[EventDate "2017.08.20"]
[EventType "swiss"]
[EventRounds "9"]
[EventCountry "CRO"]
[SourceTitle "Ajedrez en Madrid"]
[Source "lmi"]
[SourceDate "2017.08.20"]
[SourceVersion "1"]
[SourceVersionDate "2018.03.10"]
[SourceQuality "1"]

1. e4 c5 2. Nf3 d6 3. d4 cxd4 4. Nxd4 Nf6 5. f3 e5 6. Nb3 Be6 7. c4 Nbd7 8. Nc3
Rc8 9. Nd5 Bxd5 10. cxd5 Be7 11. Be3 a6 12. Be2 O-O 13. O-O Ne8 14. Qd2 g6 15.
Qb4 Rc7 16. Rac1 Nc5 17. Nxc5 dxc5 18. Qb6 Qd6 19. Qxd6 Bxd6 20. a4 f5 21. Bd3
f4 22. Bd2 Rff7 23. Rc2 g5 24. Rfc1 Nf6 25. Be1 h5 26. Bf2 c4 27. Rxc4 Rxc4 28.
Rxc4 Nd7 29. a5 Kf8 30. Bc2 Ke7 31. Ba4 Rf8 32. Kf1 Rb8 33. Bxd7 Kxd7 34. b4 g4
35. Bc5 gxf3 36. gxf3 Bc7 37. Rc2 b6 38. axb6 Bxb6 39. Ra2 Bxc5 40. bxc5 Rb3
41. Kg2 Rc3 42. c6+ Kd6 43. Rxa6 Rc2+ 44. Kh3 Rc3 45. c7+ Kxc7 46. Rc6+ 1-0